000 00592nam a2200205Ia 4500
005 20250923144626.0
008 008 250917s9999 xx 000 0 eng d
037 _aTextual
040 _aDSWL
_beng
_cDSWL
041 _aeng
_2eng
084 _aM, J5
_qDSWL
100 _aCarlson, Bernice Wells
_9826768
245 0 _aMake it yourself, Handicraft for boys and girls
_cby Bernice Wells Carlson
260 _aLondon.
_b Arco Publishers Ltd.
_c1955
300 _a160p.
365 _aINR
_b15 .
925 _g15 .
942 _cTEXL
_hM, J5
999 _c1441325
_d1441325